[Event "Mondiale Lampo FIDE 2017"]
[Site "Riyadh"]
[Date "30.12.2017"]
[Round "18.45"]
[White "Al-Sayed, Mohammed"]
[Black "Ganguly, Surya Shekhar"]
[Result "1-0"]
[WhiteTitle "GM"]
[BlackTitle "GM"]
[WhiteElo "2511"]
[BlackElo "2650"]
[WhiteFideId "12100196"]
[BlackFideId "5002150"]
[EventDate "2017.12.29"]

1. d4 Nf6 2. Bg5 Ne4 3. Bf4 c5 4. f3 Qa5+ 5. c3 Nf6 6. Nd2 cxd4 7. Nb3 Qb6 8.
Qxd4 d6 9. e4 e5 10. Qxb6 axb6 11. Be3 d5 12. exd5 Nxd5 13. Bf2 Be6 14. Bb5+ Nc6
15. Nd2 Bc5 16. Ne2 Ne3 17. Bxe3 Bxe3 18. Nc4 Bxc4 19. Bxc4 Rd8 20. Ng3 Bf4 21.
Rd1 O-O 22. Ke2 g6 23. Ne4 Kg7 24. g3 Bh6 25. Nd6 Na5 26. Bb5 f5 27. b4 Nc6 28.
Nxb7 Rxd1 29. Rxd1 Ne7 30. Rd7 Bg5 31. Nd8 Kh6 32. Ne6 Rf7 33. Bc4 Bf6 34. a4 g5
35. Nxg5 Rg7 36. Ne6 Rg8 37. Rd6 Rc8 38. Bd3 Rxc3 39. Rxb6 Nd5 40. Rd6 Nxb4 41.
Bxf5 Nc6 42. Rd7 Ne7 43. Be4 Ra3 44. h4 Rxa4 45. g4 Bxh4 46. g5+ Bxg5 47. Nxg5
Kxg5 48. Rxe7 Kf4 49. Rf7+ Kg3 50. Rxh7 Ra2+ 51. Kd3 Ra3+ 52. Kc4 Kf4 53. Rf7+
Ke3 54. Kd5 Ra5+ 55. Ke6 Kd4 56. Kf5 Ke3 57. Re7 Ra1 58. Kxe5 Kf2 59. Kf4 Ra5
60. Rb7 Rh5 61. Rb2+ Ke1 62. Ke3 Kf1 63. f4 Kg1 64. Rb1+ Kh2 65. Rh1+ 1-0

[Event "Mondiale Lampo FIDE 2017"]
[Site "Riyadh"]
[Date "30.12.2017"]
[Round "18.46"]
[White "Al-Modiahki, Mohamad"]
[Black "Van Foreest, Jorden"]
[Result "0-1"]
[WhiteTitle "GM"]
[BlackTitle "GM"]
[WhiteElo "2542"]
[BlackElo "2629"]
[WhiteFideId "12100030"]
[BlackFideId "1039784"]
[EventDate "2017.12.29"]

1. e4 e5 2. Nf3 Nc6 3. d4 exd4 4. c3 d5 5. exd5 Qxd5 6. cxd4 Bb4+ 7. Nc3 Nf6 8.
Bd2 Bxc3 9. bxc3 O-O 10. Be2 Ne4 11. O-O Nxd2 12. Nxd2 Be6 13. Nb3 Rad8 14. c4
Qg5 15. f4 Qf6 16. d5 Bf5 17. Qd2 Ne7 18. Qd4 Qxd4+ 19. Nxd4 c6 20. Nxf5 Nxf5
21. dxc6 Nd4 22. Bf3 bxc6 23. Rab1 Rd7 24. Kf2 Rfd8 25. Rfd1 g6 26. h4 h5 27.
Be4 Kg7 28. g3 Re7 29. Bf3 c5 30. Rd2 Rd6 31. Bd5 Ra6 32. Re1 Rxe1 33. Kxe1 Ra3
34. Kf2 Nf5 35. Bf3 Rc3 36. Rd7 Rc2+ 37. Kg1 Rxa2 38. Bd5 Nh6 39. Rc7 Ra5 40.
Kf2 Ng4+ 41. Ke2 Nh6 42. Kf3 Ra3+ 43. Kg2 Nf5 44. Rxf7+ Kh6 45. Rc7 Rxg3+ 46.
Kf2 Rg4 47. Rxc5 Rxf4+ 48. Ke2 Rxh4 49. Rc7 Rh2+ 50. Kf3 a5 51. c5 Rd2 52. Be4
a4 53. c6 Rd4 54. Ra7 Rc4 55. c7 a3 56. Bd5 Rc3+ 57. Ke4 h4 0-1

[Event "Mondiale Lampo FIDE 2017"]
[Site "Riyadh"]
[Date "30.12.2017"]
[Round "18.47"]
[White "McShane, Luke J"]
[Black "Khairat, Ahmed"]
[Result "1-0"]
[WhiteTitle "GM"]
[BlackTitle "CM"]
[WhiteElo "2640"]
[BlackElo "2211"]
[WhiteFideId "404853"]
[BlackFideId "10624171"]
[EventDate "2017.12.29"]

1. e4 e5 2. f4 exf4 3. Nc3 Qh4+ 4. Ke2 d6 5. Nf3 Qh5 6. d4 g5 7. Kf2 g4 8. Ne1
g3+ 9. Kg1 Bg4 10. Qd3 Nc6 11. hxg3 Qg6 12. gxf4 Bg7 13. Be3 O-O-O 14. f5 Qf6
15. Nd5 Nb4 16. Nxf6 Nxd3 17. Nxg4 Nxb2 18. a4 c5 19. c3 cxd4 20. cxd4 h5 21.
Nf2 Nf6 22. Ra2 Nd1 23. Nxd1 Nxe4 24. Bd3 d5 25. Rh3 Rd6 26. Nf3 Rb6 27. Ne5 Rb3
28. Bc2 Rb4 29. Nxf7 Rf8 30. Bxe4 dxe4 31. Nd6+ Kd7 32. Nxe4 Rxf5 33. Rb2 a5 34.
Rg3 Bh8 35. Rg8 Bxd4 36. Rxb4 Bxe3+ 37. Nxe3 Re5 1-0

[Event "Mondiale Lampo FIDE 2017"]
[Site "Riyadh"]
[Date "30.12.2017"]
[Round "18.48"]
[White "Almasi, Zoltan"]
[Black "Sanal, Vahap"]
[Result "1-0"]
[WhiteTitle "GM"]
[BlackTitle "GM"]
[WhiteElo "2682"]
[BlackElo "2551"]
[WhiteFideId "702293"]
[BlackFideId "6300545"]
[EventDate "2017.12.29"]

1. e4 e5 2. Nf3 Nc6 3. Bb5 a6 4. Ba4 Nf6 5. O-O Be7 6. Re1 b5 7. Bb3 O-O 8. h3
Bb7 9. d3 d5 10. exd5 Nxd5 11. Nbd2 Nf4 12. Ne4 Na5 13. Bxf4 exf4 14. d4 Nxb3
15. axb3 f5 16. Ned2 Bf6 17. c3 Qd5 18. b4 Kh8 19. Qb3 Qd8 20. Qc2 g6 21. Nb3
Bd5 22. Nc5 Qd6 23. Ne5 Bg7 24. f3 h5 25. Re2 Kh7 26. Rae1 a5 27. bxa5 Rxa5 28.
Ned3 Bf6 29. Nb4 Bc4 30. Re6 Bxe6 31. Rxe6 Ra1+ 32. Kh2 Bh4 33. g3 fxg3+ 34. Kg2
Qf4 35. Nbd3 Qh6 36. Qe2 Qg7 37. Ne5 Bf6 38. Ncd7 Bxe5 39. Nxf8+ Qxf8 40. Qxe5
Ra2 41. Re7+ Kh6 42. Qf4+ g5 43. Re6+ Kh7 44. Qxc7+ Kh8 45. Qe5+ Kh7 46. Re7+
Kg6 47. Qd6+ Qf6 48. Re6 Rxb2+ 49. Kf1 Rb1+ 50. Ke2 Rb2+ 51. Kd3 Qxe6 52. Qxe6+
Kg7 53. Qxf5 1-0

[Event "Mondiale Lampo FIDE 2017"]
[Site "Riyadh"]
[Date "30.12.2017"]
[Round "18.49"]
[White "Sargissian, Gabriel"]
[Black "Halkias, Stelios"]
[Result "0-1"]
[WhiteTitle "GM"]
[BlackTitle "GM"]
[WhiteElo "2672"]
[BlackElo "2571"]
[WhiteFideId "13300881"]
[BlackFideId "4201809"]
[EventDate "2017.12.29"]

1. d4 Nf6 2. Nf3 e6 3. g3 c5 4. Bg2 cxd4 5. Nxd4 d5 6. O-O e5 7. Nb3 Be6 8. Bg5
Nbd7 9. Nc3 Be7 10. f4 exf4 11. gxf4 g6 12. Kh1 O-O 13. Nd4 Nb6 14. f5 Bd7 15.
fxg6 hxg6 16. Qd3 Ng4 17. Bf4 Bc5 18. Rad1 Qh4 19. Nxd5 Nxd5 20. Bxd5 Bxd4 21.
Qxd4 Rad8 22. Bg3 Qh5 23. Bf3 Bc6 24. Qxd8 Rxd8 25. Rxd8+ Kg7 26. Bxc6 bxc6 27.
Rd7 Nf6 28. Re7 Qd5+ 29. e4 Nxe4 30. Rfxf7+ Kg8 31. Rg7+ Kf8 32. Ref7+ Ke8 33.
Re7+ Kf8 34. Rgf7+ Kg8 35. Kg1 Ng5 36. Rg7+ Kf8 37. Kf2 Qd2+ 38. Kf1 Qd1+ 39.
Kf2 Qd2+ 40. Kf1 Qd1+ 41. Kf2 Qxc2+ 42. Ke3 Qc5+ 43. Kd3 Qd5+ 44. Ke3 Qc5+ 45.
Kd3 Qd5+ 46. Ke3 Qf3+ 47. Kd2 Ne4+ 48. Kc2 Qe2+ 49. Kb3 Nc5+ 50. Kb4 Qb5+ 51.
Kc3 Qd3+ 52. Kb4 Qd8 0-1

[Event "Mondiale Lampo FIDE 2017"]
[Site "Riyadh"]
[Date "30.12.2017"]
[Round "18.50"]
[White "Kuzubov, Yuriy"]
[Black "Volokitin, Andrei"]
[Result "0-1"]
[WhiteTitle "GM"]
[BlackTitle "GM"]
[WhiteElo "2699"]
[BlackElo "2628"]
[WhiteFideId "14112906"]
[BlackFideId "14107090"]
[EventDate "2017.12.29"]

1. Nf3 Nf6 2. g3 d5 3. Bg2 g6 4. O-O c5 5. c4 Bg7 6. d3 Nc6 7. Nc3 d4 8. Na4 Nd7
9. a3 Rb8 10. e3 O-O 11. exd4 Nxd4 12. Be3 Nxf3+ 13. Bxf3 b6 14. Bf4 Ne5 15.
Bxe5 Bxe5 16. Qe2 Bd4 17. Nc3 a6 18. Rab1 e6 19. Ne4 a5 20. Nc3 Bd7 21. Nb5 Bxb5
22. cxb5 Qf6 23. a4 Rbd8 24. Kg2 Rd6 25. b3 Rfd8 26. Rbd1 Bc3 27. h4 Rd4 28. Be4
Rb4 29. Qc2 Bd4 30. Rc1 h5 31. Qe2 Rxb3 32. Rc2 Rb4 33. Ra2 Be5 34. Rc1 Rdd4 35.
Rc4 Rdxc4 36. dxc4 Bd4 37. Bd3 Rb3 38. Be4 Qe5 39. Bf3 Qd6 40. Rd2 Ra3 41. Ra2
Rb3 42. Rd2 Rb1 43. Qd3 Rb4 44. Qc2 Qe5 45. Be2 Rb2 46. Qd1 Rb4 47. Bd3 Bc3 48.
Re2 Qd6 49. Qc2 Bd4 50. Bxg6 Rb2 51. Bxf7+ Kxf7 52. Qh7+ Kf8 53. Qxh5 Rxe2 54.
Qxe2 Qe5 55. Qf3+ Qf5 56. Qxf5+ exf5 57. f3 Kf7 58. g4 Kg6 59. Kg3 Be3 60. Kg2
Bd2 61. Kg3 Be1+ 62. Kh3 Bf2 63. g5 Kh5 64. f4 Bxh4 65. Kg2 Kg4 0-1

[Event "Mondiale Lampo FIDE 2017"]
[Site "Riyadh"]
[Date "30.12.2017"]
[Round "18.51"]
[White "El Adnani, Mokliss"]
[Black "Miton, Kamil"]
[Result "0-1"]
[WhiteTitle "IM"]
[BlackTitle "GM"]
[WhiteElo "2448"]
[BlackElo "2584"]
[WhiteFideId "9000410"]
[BlackFideId "1111914"]
[EventDate "2017.12.29"]

1. d4 d5 2. Nf3 Nf6 3. Bf4 c6 4. e3 Bg4 5. c4 Bxf3 6. gxf3 Nbd7 7. Qb3 Qc8 8.
Nc3 e6 9. Rc1 Be7 10. Rg1 g6 11. e4 dxc4 12. Bxc4 Nb6 13. Be2 O-O 14. Be3 Qd7
15. f4 Kh8 16. h4 Rg8 17. Rd1 Rad8 18. a4 Qc7 19. Bf3 Rd7 20. Ke2 Qd8 21. f5
exf5 22. Qxf7 Rf8 23. Qb3 fxe4 24. Nxe4 Nxe4 25. Bxe4 Nd5 26. h5 g5 27. Bb1 Bf6
28. h6 Qe7 29. Rg3 Qe6 30. Qc2 Re7 31. Qf5 Qxf5 32. Bxf5 Rfe8 33. Bb1 a5 34.
Rdg1 Bxd4 35. Rxg5 Nxe3 36. fxe3 Bxe3 37. Kd3 Bxg1 38. Rxg1 Re1 39. Rg7 0-1

[Event "Mondiale Lampo FIDE 2017"]
[Site "Riyadh"]
[Date "30.12.2017"]
[Round "18.52"]
[White "Kokarev, Dmitry"]
[Black "Lodhi, Mahmood"]
[Result "1-0"]
[WhiteTitle "GM"]
[BlackTitle "IM"]
[WhiteElo "2615"]
[BlackElo "2347"]
[WhiteFideId "4132181"]
[BlackFideId "7800010"]
[EventDate "2017.12.29"]

1. e4 e5 2. Nf3 Nc6 3. Bb5 a6 4. Ba4 g6 5. O-O Bg7 6. c4 Nge7 7. Nc3 O-O 8. d3
d6 9. Nd5 Bg4 10. Bxc6 bxc6 11. Ne3 Bd7 12. d4 exd4 13. Nxd4 c5 14. Ne2 Nc6 15.
Nd5 Rb8 16. Ng3 Nd4 17. Rb1 c6 18. Ne3 Re8 19. b3 Be6 20. Re1 Qh4 21. f3 a5 22.
Bd2 Ra8 23. Nef1 Ra7 24. Qc1 Qe7 25. Bh6 Bh8 26. f4 a4 27. Bg5 f6 28. Bh6 axb3
29. axb3 Rb7 30. Nd2 Bf7 31. f5 Reb8 32. Qc3 Qe5 33. Rf1 g5 34. Kh1 Nxb3 35.
Rxb3 Rxb3 36. Qxe5 dxe5 37. Nxb3 Rxb3 38. Ra1 Rb8 39. h4 g4 40. Ra4 Bg7 41. Be3
Bf8 42. h5 h6 43. Kg1 Kg7 44. Kf2 Rb4 45. Ra8 Rb2+ 46. Kg1 Be7 47. Ra7 Bd6 48.
Rd7 Bf8 49. Rd8 Be7 50. Rd7 Bf8 51. Nf1 Rc2 52. Nh2 g3 53. Nf1 Rxc4 54. Nxg3 Kg8
55. Rd8 Kg7 56. Bxh6+ Kxh6 57. Rxf8 Kg7 58. Rc8 Rc3 59. Kh2 c4 60. Rc7 Rd3 61.
h6+ Kxh6 62. Rxf7 Rd6 63. Ne2 Kg5 64. Rg7+ Kh6 65. Rg6+ Kh7 66. Rg3 Rd2 67. Nc3
c5 68. Nd5 Rd3 69. Nxf6+ Kh6 70. Rg6# 1-0

[Event "Mondiale Lampo FIDE 2017"]
[Site "Riyadh"]
[Date "30.12.2017"]
[Round "18.53"]
[White "Malakhatko, Vadim"]
[Black "Short, Nigel D"]
[Result "1-0"]
[WhiteTitle "GM"]
[BlackTitle "GM"]
[WhiteElo "2542"]
[BlackElo "2678"]
[WhiteFideId "14104202"]
[BlackFideId "400025"]
[EventDate "2017.12.29"]

1. c4 b6 2. d4 Bb7 3. Nc3 e6 4. a3 g6 5. e4 Bg7 6. Nf3 Ne7 7. Be2 O-O 8. O-O f5
9. exf5 Nxf5 10. d5 Na6 11. dxe6 dxe6 12. Qc2 Qe8 13. Ne4 Nc5 14. Nxc5 bxc5 15.
Be3 Nxe3 16. fxe3 Rb8 17. Rab1 a5 18. b3 Bh6 19. Qc3 Qc6 20. Kh1 Rbd8 21. Qxa5
Bxe3 22. Qe1 Bf4 23. Qh4 e5 24. Rbd1 Rd6 25. Rxd6 cxd6 26. Ne1 Qb6 27. Qe7 Qxb3
28. Qxd6 Qxa3 29. Bf3 Bxf3 30. Nxf3 Qe3 31. Qe6+ Kg7 32. Re1 Qf2 33. Qd5 h5 34.
Qe4 Rf5 35. Rd1 Kh6 36. h3 Qg3 37. Qa8 Kg7 38. Qb7+ Rf7 39. Qe4 Ra7 40. Rb1 Kh6
41. Qc2 Ra3 42. Rf1 Re3 43. Qa2 Rxf3 44. gxf3 Qxh3+ 1-0

[Event "Mondiale Lampo FIDE 2017"]
[Site "Riyadh"]
[Date "30.12.2017"]
[Round "18.54"]
[White "Abdyjapar, Asyl"]
[Black "Ni, Hua"]
[Result "0-1"]
[WhiteTitle "IM"]
[BlackTitle "GM"]
[WhiteElo "2382"]
[BlackElo "2671"]
[WhiteFideId "13800337"]
[BlackFideId "8601160"]
[EventDate "2017.12.29"]

1. d4 Nf6 2. c4 e6 3. Nf3 d5 4. Nc3 a6 5. c5 b6 6. cxb6 cxb6 7. Bf4 Bb7 8. e3
Nbd7 9. Bd3 Be7 10. a4 O-O 11. O-O Ne4 12. Nd2 Ndf6 13. Ncxe4 dxe4 14. Be2 Rc8
15. Nc4 Nd5 16. Bg3 Bb4 17. Qb3 a5 18. Rac1 Qe7 19. f3 exf3 20. Bxf3 Ba6 21. Be2
f5 22. Rf2 Bd2 23. Bd6 Qxd6 24. Nxd6 Rxc1+ 25. Rf1 Bxe3+ 26. Kh1 Rxf1+ 27. Bxf1
Bxf1 28. Qc2 Bf4 29. Qc6 Bxd6 30. Qxd6 Kf7 31. Kg1 Bc4 32. Qd7+ Ne7 33. Qc7 Bd5
34. Qxb6 Rc8 35. Qxa5 Rc1+ 36. Kf2 Rc2+ 37. Ke1 Rxb2 38. g3 Rxh2 39. Qc7 Ra2 40.
a5 h6 41. Qb6 Nc6 42. a6 Kg6 43. Qb5 Nxd4 44. Qe8+ Kh7 45. Qc8 Nf3+ 46. Kd1 Ne5
47. Qc7 Nd3 0-1

[Event "Mondiale Lampo FIDE 2017"]
[Site "Riyadh"]
[Date "30.12.2017"]
[Round "18.55"]
[White "Dervishi, Erald"]
[Black "Khader, Sami"]
[Result "1-0"]
[WhiteTitle "GM"]
[BlackTitle "IM"]
[WhiteElo "2552"]
[BlackElo "2392"]
[WhiteFideId "4700236"]
[BlackFideId "8100500"]
[EventDate "2017.12.29"]

1. e4 e6 2. d4 d5 3. Nd2 Nc6 4. c3 e5 5. exd5 Qxd5 6. Ngf3 exd4 7. Bc4 Qh5 8.
cxd4 Nf6 9. O-O Be7 10. Ne5 Nxe5 11. dxe5 Qxd1 12. Rxd1 Ng4 13. Re1 Be6 14. h3
Nh6 15. g4 O-O-O 16. Bf1 Bb4 17. Re2 Ng8 18. a3 Ba5 19. b4 Bb6 20. Bb2 Ne7 21.
Ne4 Ng6 22. Nc5 Bc4 23. Re4 Bxf1 24. Kxf1 Bxc5 25. bxc5 c6 26. e6 fxe6 27. Rxe6
Nf4 28. Re3 Rhe8 29. Bxg7 Rxe3 30. fxe3 Ne6 31. Bh6 Nxc5 32. Ke2 Re8 33. Rf1 Ne4
34. Rf7 Nc3+ 35. Kd3 Nd5 36. e4 Nc7 37. Rxh7 Ne6 38. Be3 a5 39. g5 Rd8+ 40. Ke2
b5 41. h4 b4 42. Ra7 b3 43. Ra8+ Kd7 44. Rxd8+ Kxd8 45. Kd3 a4 46. Kc3 c5 47. h5
Ke7 48. h6 Kf7 49. h7 Kg7 50. g6 Nf8 51. Bh6+ Kh8 52. Bxf8 c4 53. Bc5 b2 54.
Bd4# 1-0

[Event "Mondiale Lampo FIDE 2017"]
[Site "Riyadh"]
[Date "30.12.2017"]
[Round "18.56"]
[White "Lam, Daniel King-wai"]
[Black "Ibrahimov, Rasul"]
[Result "1/2-1/2"]
[WhiteTitle "FM"]
[BlackTitle "GM"]
[WhiteElo "2222"]
[BlackElo "2518"]
[WhiteFideId "6001238"]
[BlackFideId "13400495"]
[EventDate "2017.12.29"]

1. e4 c5 2. Nf3 a6 3. c3 e6 4. d4 d5 5. e5 b5 6. Be2 Nc6 7. O-O Qb6 8. Be3 cxd4
9. cxd4 Nge7 10. Nbd2 Nf5 11. Nb3 Na5 12. Nxa5 Qxa5 13. a4 b4 14. b3 Bd7 15. Rc1
Nxe3 16. fxe3 Be7 17. Bd3 h6 18. Qe2 O-O 19. Bb1 Rfc8 20. Qd3 g6 21. h4 h5 22.
g3 Rc3 23. Rxc3 bxc3 24. Ne1 Be8 25. Ng2 c2 26. Bxc2 Rc8 27. Nf4 Qc3 28. Bb1
Qxd3 29. Bxd3 a5 30. Ne2 Ba3 31. Rd1 Kf8 32. Kf2 Ke7 33. Rd2 Rb8 34. Bc2 Rc8 35.
Bd3 Rb8 36. Bc2 f6 37. exf6+ Kxf6 38. Nf4 Rc8 39. Bd3 Rc3 40. Bc2 Bc1 41. Re2
Bf7 42. Ng2 Ba3 43. Ne1 Rc7 44. Nf3 Bb4 45. Ne5 Be8 46. Bd3 Bd6 47. Nf3 Rc3 48.
Bc2 Bd7 49. Ne1 e5 50. dxe5+ Bxe5 51. Nf3 Bd6 52. Nd4 Bc5 53. Rd2 Bb6 54. Bd1
Bc8 55. Bc2 Bxd4 56. exd4 Bf5 57. Bd1 Be4 58. Re2 Kf5 59. Rd2 Kf6 60. Re2 Rd3
61. Bc2 Rxd4 62. Bxe4 dxe4 63. Rc2 Rd3 64. Rc6+ Kf7 65. Rc5 Rxb3 66. Rxa5 Kf6
67. Ra6+ Kf5 68. Ra5+ Kf6 69. Ra6+ Kf5 70. Ra5+ Ke6 71. Ra6+ Kf5 72. Ra5+ Kf6
73. Ra6+ Kf7 74. a5 Ra3 75. Kg2 Kg7 76. Kf2 Kf7 77. Kg2 Ke7 78. Rxg6 Rxa5 79.
Rh6 Kf7 80. Kf2 Rf5+ 81. Ke2 Kg7 82. Re6 Rf3 83. Rxe4 Rxg3 1/2-1/2

[Event "Mondiale Lampo FIDE 2017"]
[Site "Riyadh"]
[Date "30.12.2017"]
[Round "18.57"]
[White "Saeed, Ishaq"]
[Black "Tregubov, Pavel V."]
[Result "1/2-1/2"]
[WhiteTitle "FM"]
[BlackTitle "GM"]
[WhiteElo "2434"]
[BlackElo "2575"]
[WhiteFideId "9301453"]
[BlackFideId "4115341"]
[EventDate "2017.12.29"]

1. d4 Nf6 2. c4 e6 3. Nf3 c5 4. d5 b5 5. Bg5 b4 6. a3 h6 7. Bxf6 Qxf6 8. axb4
cxb4 9. Nbd2 Na6 10. g3 Nc5 11. Bg2 e5 12. Qc2 d6 13. Ne4 Nxe4 14. Qxe4 Be7 15.
Qe3 a5 16. Qb6 O-O 17. O-O e4 18. Nd2 Qxb2 19. Nxe4 a4 20. Rfb1 Qxe2 21. Qxb4
Bf5 22. Re1 Qc2 23. Nxd6 Rab8 24. Qa3 Bxd6 25. Qxd6 Qxc4 26. Qe5 Bd7 27. d6 Rfe8
28. Qa5 Qb5 29. Qc7 Rec8 30. Qa7 Be6 31. Qxa4 Qxa4 32. Rxa4 Rd8 33. Rd4 Rb6 34.
Red1 f6 35. h4 Kf7 36. Bf3 f5 37. Kg2 Kf6 38. R1d2 Ke5 39. R4d3 Rbxd6 40. Re3+
Kf6 41. Rxd6 Rxd6 42. Ra3 g5 43. hxg5+ hxg5 44. Ra5 g4 45. Bb7 Rb6 46. Bd5 Bd7
47. Ba8 Bb5 48. Bd5 Bd3 49. Ba8 Rb1 50. Bc6 Rc1 51. Bd5 Bf1+ 52. Kh2 Rc2 53. Kg1
Bd3 54. Bg2 Rc1+ 55. Kh2 Rc2 56. Kg1 Rb2 57. Rc5 Rb1+ 58. Kh2 Rb2 59. Kg1 Be2
60. Ra5 Kg5 61. Rc5 Bf3 62. Bxf3 gxf3 63. Rc3 Kg4 64. Rc4+ Kg5 65. Rc3 Kg4 66.
Rc4+ Kg5 67. Rc3 Kg4 1/2-1/2

[Event "Mondiale Lampo FIDE 2017"]
[Site "Riyadh"]
[Date "30.12.2017"]
[Round "18.58"]
[White "Omar, Noaman"]
[Black "Salgado Lopez, Ivan"]
[Result "0-1"]
[WhiteTitle "IM"]
[BlackTitle "GM"]
[WhiteElo "2364"]
[BlackElo "2644"]
[WhiteFideId "9300244"]
[BlackFideId "2257327"]
[EventDate "2017.12.29"]

1. d4 Nf6 2. c4 e6 3. Nf3 b6 4. a3 Bb7 5. Nc3 d5 6. Qc2 Be7 7. cxd5 Nxd5 8. e4
Nxc3 9. bxc3 O-O 10. Bd3 c5 11. O-O Nd7 12. Bb2 Rc8 13. Qe2 Qc7 14. Rfb1 Rfd8
15. a4 Nf6 16. Ne5 Nd7 17. Nf3 Qf4 18. Bc1 Qg4 19. h3 Qh5 20. a5 c4 21. Bc2 b5
22. a6 Bc6 23. Ra5 Nb6 24. Bf4 f6 25. Qe3 Qf7 26. Bg3 Re8 27. Re1 Bd8 28. Raa1
Bc7 29. Bxc7 Qxc7 30. g3 Rcd8 31. h4 Qf7 32. Nh2 Qh5 33. f4 f5 34. exf5 0-1

[Event "Mondiale Lampo FIDE 2017"]
[Site "Riyadh"]
[Date "30.12.2017"]
[Round "18.59"]
[White "Haddouche, Mohamed"]
[Black "Amer, Said Salim Al Maashani"]
[Result "1-0"]
[WhiteTitle "GM"]
[BlackTitle "FM"]
[WhiteElo "2505"]
[BlackElo "2103"]
[WhiteFideId "7900660"]
[BlackFideId "22000100"]
[EventDate "2017.12.29"]

1. e4 c5 2. Nf3 Nc6 3. Bb5 g6 4. O-O Bg7 5. Re1 Nf6 6. e5 Nd5 7. Nc3 Nc7 8. Bxc6
dxc6 9. Ne4 b6 10. Nf6+ Kf8 11. Ne4 Bg4 12. d3 Ne6 13. Ned2 Qc7 14. h3 Bxf3 15.
Nxf3 Rd8 16. Re4 h6 17. Qe2 Kg8 18. a4 Kh7 19. Bd2 Nd4 20. Nxd4 cxd4 21. h4 Rd5
22. Re1 Rf8 23. h5 g5 24. f4 f6 25. exf6 exf6 26. Re7 Rd7 27. Re6 Rff7 28. Qg4
f5 29. Qf3 g4 30. Qxc6 Qxc6 31. Rxc6 Rfe7 32. Rxe7 Rxe7 33. Kf2 Kg8 34. g3 Kf7
35. Bb4 Rd7 36. Bd6 Rb7 37. Ke2 Rd7 38. Kd2 Rb7 39. c4 dxc3+ 40. bxc3 b5 41. a5
Rd7 42. a6 Bf8 43. Be5 b4 44. cxb4 Bxb4+ 45. Kc2 Ba5 46. Rxh6 Bb6 47. Rh7+ Ke6
48. Rxd7 1-0

[Event "Mondiale Lampo FIDE 2017"]
[Site "Riyadh"]
[Date "30.12.2017"]
[Round "18.60"]
[White "Bukannan, Ahmed A"]
[Black "Tissir, Mohamed"]
[Result "1/2-1/2"]
[BlackTitle "IM"]
[WhiteElo "1929"]
[BlackElo "2381"]
[WhiteFideId "21504164"]
[BlackFideId "9000240"]
[EventDate "2017.12.29"]

1. Nf3 Nf6 2. d4 g6 3. g3 Bg7 4. Bg2 O-O 5. O-O d6 6. c4 a6 7. Nc3 Nc6 8. e4 Rb8
9. a4 Bg4 10. h3 Bxf3 11. Bxf3 e5 12. d5 Nd4 13. Bg2 c5 14. dxc6 bxc6 15. Be3
Nd7 16. Bxd4 exd4 17. Ne2 c5 18. b3 Ne5 19. Ra2 Nc6 20. Nc1 Qb6 21. Rb2 Nb4 22.
Nd3 Qc7 23. Qd2 Rb6 24. Rfb1 Rfb8 25. h4 Qe7 26. Bf3 h5 27. Bg2 Kh7 28. Bf3 Bh6
29. Qd1 Qf6 30. Nxb4 Rxb4 31. Qd3 a5 32. Bg2 Qe7 33. Bf3 Qe5 34. Bg2 R8b6 35.
Bf3 Qf6 36. Bg2 Rb8 37. Bf3 R4b6 38. Bg2 Rb4 39. Bf3 Kg7 40. Bg2 Qe7 41. Bf3
R8b6 42. Bg2 Kh8 43. Bf3 Bg7 44. Bg2 Be5 45. Bf3 Kg7 46. Bg2 Rb8 47. Bf3 g5 48.
Bxh5 gxh4 49. Kg2 Rh8 50. Qf3 hxg3 51. fxg3 Qf6 52. Qg4+ Kf8 53. Qc8+ Kg7 54.
Qg4+ Kf8 55. Qc8+ Ke7 56. Qc7+ Ke8 57. Rf1 Qxf1+ 58. Kxf1 Rxh5 59. Qc8+ Ke7 60.
Qc7+ Kf8 61. Qc8+ Ke7 62. Qc7+ Kf8 63. Qc8+ Ke7 64. Qc7+ Kf8 65. Qc8+ Ke7 66.
Qc7+ Kf8 67. Qc8+ 1/2-1/2

[Event "Mondiale Lampo FIDE 2017"]
[Site "Riyadh"]
[Date "30.12.2017"]
[Round "18.61"]
[White "Shytaj, Luca"]
[Black "Masrahi, Abdulrahman A"]
[Result "1-0"]
[WhiteTitle "IM"]
[BlackTitle "CM"]
[WhiteElo "2459"]
[BlackElo "1962"]
[WhiteFideId "812633"]
[BlackFideId "21501564"]
[EventDate "2017.12.29"]

1. e4 e5 2. Nf3 Nc6 3. Nc3 Nf6 4. Be2 Bc5 5. Nxe5 Nxe5 6. d4 Bd6 7. dxe5 Bxe5 8.
O-O O-O 9. Qd3 Re8 10. Bg5 h6 11. Bh4 d6 12. f4 Bxc3 13. bxc3 Qe7 14. Bf3 Qe6
15. Rae1 Bd7 16. e5 dxe5 17. fxe5 Ng4 18. Bd5 Qb6+ 19. Kh1 Be6 20. c4 c6 21.
Bxe6 Rxe6 22. Qf5 Ne3 23. Qxf7+ Kh7 24. Qxe6 Nxf1 25. Rxf1 Qd4 26. Qf5+ Kg8 27.
Bg3 Qxc4 28. e6 1-0

[Event "Mondiale Lampo FIDE 2017"]
[Site "Riyadh"]
[Date "30.12.2017"]
[Round "18.62"]
[White "Al Ghamdi, Ahmed M"]
[Black "Samhouri, A."]
[Result "0-1"]
[WhiteTitle "CM"]
[BlackTitle "FM"]
[WhiteElo "2159"]
[BlackElo "2355"]
[WhiteFideId "21500150"]
[BlackFideId "8100640"]
[EventDate "2017.12.29"]

1. e4 c5 2. Nf3 e6 3. d4 cxd4 4. Nxd4 a6 5. c4 Nf6 6. Nc3 Bb4 7. Qf3 Qc7 8. a3
Bxc3+ 9. bxc3 Qe5 10. Bd3 Nc6 11. Be3 Qa5 12. Bd2 Ne5 13. Qe2 Nxd3+ 14. Qxd3 O-O
15. O-O d6 16. f3 e5 17. Ne2 Be6 18. Bg5 Qc5+ 19. Qe3 Bxc4 20. Rfe1 Qxe3+ 21.
Bxe3 d5 22. Bg5 Nd7 23. exd5 Bxd5 24. Ng3 f6 25. Be3 Rac8 26. Red1 Be6 27. Ne2
Nc5 28. Rd6 Rfe8 29. Rb1 Bc4 30. Ng3 Bb5 31. c4 Bxc4 32. Rc1 b5 33. Bxc5 Rxc5
34. Rxa6 Rd5 35. a4 Red8 36. axb5 Bxb5 37. Raa1 Rd2 38. Ne4 Rb2 39. Rd1 Rxd1+
40. Rxd1 h6 41. h3 Bc6 42. Ng3 Kf7 43. Nf5 h5 44. Nd6+ Ke6 45. Nc4 Rc2 46. Ne3
Rc3 47. Kf2 g6 48. Ra1 Bb5 49. Rb1 Rc5 50. Ra1 f5 51. Kg1 f4 52. Nd1 Kf5 53. Nf2
Bc6 54. Re1 Bb5 55. Ne4 Rc2 56. Nd6+ Kf6 57. Nxb5 Rb2 58. Nc3 Rc2 59. Ne4+ Kf5
60. Rd1 Rc4 61. Rd6 Rc1+ 62. Kh2 0-1

[Event "Mondiale Lampo FIDE 2017"]
[Site "Riyadh"]
[Date "30.12.2017"]
[Round "18.63"]
[White "Al Jabri, Mohammed Ali"]
[Black "Farhan, Marwan Ali"]
[Result "1/2-1/2"]
[WhiteElo "2154"]
[BlackElo "1975"]
[WhiteFideId "7604734"]
[BlackFideId "9401652"]
[EventDate "2017.12.29"]

1. e4 c5 2. d4 cxd4 3. c3 d3 4. Bxd3 e6 5. Nf3 a6 6. O-O Nf6 7. c4 d6 8. Nc3 Be7
9. Bf4 e5 10. Be3 O-O 11. h3 Be6 12. Qd2 Nfd7 13. b3 Qc7 14. Rfd1 Rd8 15. Rac1
b6 16. Bb1 Nf6 17. Ne1 Nbd7 18. Nd5 Bxd5 19. cxd5 Qb7 20. b4 b5 21. f3 Rac8 22.
Nd3 Nb6 23. Nb2 Rxc1 24. Rxc1 Rc8 25. Bd3 Ne8 26. Qf2 Nd7 27. Qd2 Nb6 28. a3 g6
29. Qf2 Bd8 30. Kf1 Rxc1+ 31. Bxc1 Qc8 32. Qc2 Qxc2 33. Bxc2 Nf6 34. Bd3 Nfd7
35. Be3 Kg7 36. Ke2 h5 37. g3 Kf8 38. f4 Ke7 39. Kd2 Bc7 40. Ke2 Bd8 41. Kf3 Kf6
42. h4 Nc8 43. f5 Bb6 44. Bg5+ Kg7 45. fxg6 fxg6 46. Ke2 Nf6 47. Nd1 Ne7 48. Ne3
Neg8 49. Nf1 Nh6 50. Bd2 Nhg4 51. Be1 Bd4 52. Bc2 Nd7 53. a4 bxa4 1/2-1/2